[Event "COL-ch School U15"]
[Site "Bogota"]
[Date "2011.12.12"]
[Round "1.8"]
[White "Camacho Hincapie, Norberto Andres"]
[Black "Castellanos, Camilo Andres"]
[Result "1-0"]
[WhiteElo "1409"]
[BlackElo "1624"]
[PlyCount "29"]
[EventDate "2011.12.12"]
[EventType "swiss"]
[EventRounds "7"]
[EventCountry "COL"]
[SourceTitle "EXT 2024"]
[Source "ChessBase"]
[SourceDate "2023.10.10"]
[SourceVersion "1"]
[SourceVersionDate "2023.10.10"]
[SourceQuality "1"]

1. e4 e5 2. Nf3 Nc6 3. d4 exd4 4. Nxd4 Bc5 5. Be3 Bxd4 6. Bxd4 Nxd4 7. Qxd4 Nf6 8. Nc3 d6 9. 0-0-0 Bd7 10. Bc4 a6 11. e5 dxe5 12. Qxe5+ Kf8 13. Rhe1 Ne8 14. Qf4 Qf6 15. Qe3 1-0